ਅੱਗ ਦੀ ਖੇਡ : (Record no. 110830)
[ view plain ]
| 000 -LEADER | |
|---|---|
| fixed length control field | 00938nam a22002417a 4500 |
| 010 ## - LIBRARY OF CONGRESS CONTROL NUMBER | |
| LC control number | B-028548 |
| 020 ## - INTERNATIONAL STANDARD BOOK NUMBER | |
| Terms of availability | 150.00 |
| 035 ## - SYSTEM CONTROL NUMBER | |
| System control number | B-028548 |
| 037 ## - SOURCE OF ACQUISITION | |
| Stock number | Cen Lib/Ret |
| 040 ## - CATALOGING SOURCE | |
| Original cataloging agency | DPL |
| Language of cataloging | PA |
| 082 ## - DEWEY DECIMAL CLASSIFICATION NUMBER | |
| Classification number | ਓ |
| Item number | ਨਾਨਕ |
| 100 ## - MAIN ENTRY--PERSONAL NAME | |
| Personal name | ਨਾਨਕ ਸਿੰਘ |
| 9 (RLIN) | 131864 |
| 245 ## - TITLE STATEMENT | |
| Title | ਅੱਗ ਦੀ ਖੇਡ : |
| Statement of responsibility, etc | ਨਾਨਕ ਸਿੰਘ |
| Remainder of title | ਨਾਵਲ / |
| 246 ## - VARYING FORM OF TITLE | |
| Title proper/short title | Agg di khed : novel / |
| Remainder of title | by Nanak Singh |
| 260 ## - PUBLICATION, DISTRIBUTION, ETC. (IMPRINT) | |
| Place of publication, distribution, etc | ਅੰਮ੍ਰਿਤਸਰ |
| Name of publisher, distributor, etc | ਨਾਨਕ ਸਿੰਘ ਪੁਸਤਕ ਵਾਲਾ |
| Date of publication, distribution, etc | 2000 |
| 270 ## - ADDRESS | |
| City | ਅੰਮ੍ਰਿਤਸਰ |
| Address | 5-ਸਿਟੀ ਸੇੰਟਰ, ਨਜ਼ਦੀਕ ਗੁਰੂ ਨਾਨਕ ਭਵਨ |
| 300 ## - PHYSICAL DESCRIPTION | |
| Extent | 208p ; |
| Other physical details | 24cm(Hb) |
| 650 ## - SUBJECT ADDED ENTRY--TOPICAL TERM | |
| Topical term or geographic name as entry element | ਸਾਹਿਤ --ਪੰਜਾਬੀ |
| 9 (RLIN) | 131865 |
| 650 ## - SUBJECT ADDED ENTRY--TOPICAL TERM | |
| Topical term or geographic name as entry element | ਪੰਜਾਬੀ -- ਨਾਵਲ |
| 9 (RLIN) | 131866 |
| 650 ## - SUBJECT ADDED ENTRY--TOPICAL TERM | |
| Topical term or geographic name as entry element | literature--Punjabi |
| 9 (RLIN) | 131867 |
| 650 ## - SUBJECT ADDED ENTRY--TOPICAL TERM | |
| Topical term or geographic name as entry element | Punjabi-- noval |
| 9 (RLIN) | 115816 |
| 942 ## - ADDED ENTRY ELEMENTS (KOHA) | |
| Source of classification or shelving scheme | Dewey Decimal Classification |
| Koha item type | Punjabi Bks |
| Classification part | ਓ |
| Call number suffix | ਨਾਨਕ |
| Withdrawn status | Lost status | Damaged status | Not for loan | Home library | Current library | Date acquired | Source of acquisition | Cost, normal purchase price | Total Checkouts | Total Renewals | Full call number | Barcode | Date last seen | Date checked out | Copy number | Cost, replacement price | Price effective from | Koha item type |
|---|---|---|---|---|---|---|---|---|---|---|---|---|---|---|---|---|---|---|
| Central Library | Central Library | 09/02/2016 | Cen Lib/Ret | 150.00 | 1 | 1 | ਓ ਨਾਨਕ | B-028548 | 16/08/2022 | 23/07/2022 | 1 | 150.00 | 09/02/2016 | Punjabi Bks |
